Score 0/34 Timer 04:00
9 Plays Today
% Correct
HUMP
98.1%
HEMP
91%
WINE
90.7%
❖❖JUMP❖❖
90.6%
LEAD
89.4%
NECK
88.4%
❖❖PEAK❖❖
87.1%
BEAK
86.8%
PECK
86.5%
❖❖LEAP❖❖
85.9%
❖❖RISE❖❖
85.7%
WIND
85%
HEAP
84.6%
BEND
84.3%
BEAT
83.8%
LEND
83.6%
NICK
83.5%
% Correct
RISK
82.3%
❖❖FALL❖❖
82.2%
WISE
82.2%
BALL
81.9%
RICK
80.8%
BIND
78.8%
HACK
76.3%
❖❖BACK❖❖
75.8%
FELL
73.6%
DARK
73.1%
HARK
71.7%
DAWN
70.4%
BALK
69.6%
❖❖DOWN❖❖
69.2%
FELT
66.8%
DARN
66.2%
FEAT
65.7%
Remove Ads.
Support Sporcle.
Get the best of Sporcle when you Go Orange. This ad-free experience offers more features, more stats, and more fun while also helping to support Sporcle. Thank you for becoming a member.

You're not logged in!

Compare scores with friends on all Sporcle quizzes.
OR
Log In

Sporcle TV

Today on Sporcle TV


Watch our educational content, quiz creation guides, and fun videos on Sporcle TV.

Show Comments

Extras

Top Quizzes Today


Score Distribution

Paid Content

Your Account Isn't Verified!

In order to create a playlist on Sporcle, you need to verify the email address you used during registration. Go to your Sporcle Settings to finish the process.

Report this User

Report this user for behavior that violates our Community Guidelines.

Details: